000 01246nam a2200229Ia 4500
003 Ost
005 20260507075046.0
008 260507s9999||||xx |||||||||||||| ||und||
020 _a×052109961
040 _cfsecg
041 _aara
082 _a330
100 _aصخري، عمر
_eمؤلف
245 0 _aمبادئ الإقتصاد الجزئي الوحدوي /
_c عمر صخري
260 _aالجزائر:
_bديوان المطبوعات الجامعية,
_c2001
300 _a135 صفحة؛
_bإيضاحات ؛
_c24 سم
520 _aماهية ومفهوم الإقتصاد الجزئي-مقدمة في الطلب والعرض-المرونات-تطبيقات على توازن السوق-توازن المستهلك نظرية المنفعة-توازن المستهلك نظرية منحنيات السواء-نظرية الإنتاج-التكاليف والإيرادات-توازن المنتج حالة المنافسة التامة-توازن المنتج حالة الإحتكار التام-توازن الإنتاج حالة المنافسة الإحتكارية
653 _aالإحتكار
653 _aالإستراتيجية التنافسية
653 _aالإقتصاد الجزئي
942 _cكتاب
999 _c42581
_d42581